[Event "Chigorin Memorial"]
[Site "St Petersburg"]
[Date "2015.10.07"]
[Round "5.166"]
[White "Kozyakov, Andrey"]
[Black "Shmoilov, Dmitry"]
[Result "0-1"]
[WhiteElo "1628"]
[BlackElo "1934"]
[PlyCount "120"]
[EventDate "2015.10.03"]
[EventRounds "9"]
[EventCountry "RUS"]

1. e4 c6 2. d4 d5 3. Nc3 dxe4 4. Nxe4 Nf6 5. Nxf6+ gxf6 6. Bf4 Bf5 7. Nf3 e6 8.
c3 Bd6 9. Bxd6 Qxd6 10. Bd3 Bg4 11. h3 Bh5 12. g4 Bg6 13. Qd2 Nd7 14. O-O-O
O-O-O 15. Bxg6 hxg6 16. Qe3 Nb6 17. Nd2 Qd5 18. b3 Qa5 19. Kb2 Nd5 20. Qg3 g5
21. Nc4 Qc7 22. Qxc7+ Kxc7 23. Rde1 Rh4 24. Nd2 Rdh8 25. Ne4 Rxh3 26. Rxh3 Rxh3
27. c4 Nf4 28. Kc2 Rh6 29. a4 a5 30. c5 Rh2 31. Rf1 Nd5 32. Kd3 Rh3+ 33. f3 Rh2
34. Nd6 Rb2 35. Nxf7 Rxb3+ 36. Ke2 Nf4+ 37. Kd2 Rd3+ 38. Kc2 Rxd4 39. Kb3 Rb4+
40. Ka3 Rc4 41. Rh1 Rxc5 42. Rh7 Kb8 43. Nd6 b5 44. Rb7+ Ka8 45. axb5 cxb5 46.
Rxb5 Rxb5 47. Nxb5 Kb7 48. Ka4 Kb6 49. Nd6 Nd3 50. Nc4+ Kc5 51. Nd2 Nb2+ 52.
Kb3 Kd4 53. Kxb2 Ke3 54. Kc2 f5 55. Nc4+ Kxf3 56. gxf5 exf5 57. Ne5+ Ke2 58.
Nc6 f4 59. Nd4+ Ke3 60. Nf5+ Kf2 0-1

[Event "Chigorin Memorial"]
[Site "St Petersburg"]
[Date "2015.10.07"]
[Round "5.167"]
[White "Shakirova, Renata"]
[Black "Shirshov, Nikolay"]
[Result "0-1"]
[WhiteElo "1932"]
[BlackElo "1714"]
[PlyCount "140"]
[EventDate "2015.10.03"]
[EventRounds "9"]
[EventCountry "RUS"]

1. e4 c5 2. Nf3 Nc6 3. d4 cxd4 4. Nxd4 Qc7 5. Nc3 e6 6. Be2 a6 7. O-O Nf6 8.
Be3 Be7 9. f4 d6 10. Kh1 O-O 11. Qe1 Nxd4 12. Bxd4 Nd7 13. f5 Bf6 14. Be3 b5
15. g4 b4 16. Nd1 exf5 17. exf5 Bb7+ 18. Kg1 Rfe8 19. Qd2 Nc5 20. Bf3 Bxf3 21.
Rxf3 Ne4 22. Qg2 Ng5 23. Rf1 Rac8 24. h4 Ne4 25. g5 Be5 26. Rc1 Ng3 27. Rf3 d5
28. c3 Qb8 29. Qd2 Rc4 30. g6 Rf8 31. Bg5 Rg4 32. Qxd5 Nxf5+ 33. Kf1 hxg6 34.
Rxf5 gxf5 35. Ne3 Rxg5 36. hxg5 bxc3 37. Nxf5 Qc7 38. bxc3 Rd8 39. Qe4 g6 40.
Ne3 Bf4 41. Rb1 Bxe3 42. Qxe3 Qc4+ 43. Kg1 Qxa2 44. Rf1 Qd5 45. Qf4 a5 46. Rf2
a4 47. Qxa4 Qxg5+ 48. Kf1 Qc1+ 49. Kg2 Qxc3 50. Qa7 Qc4 51. Qe7 Qd5+ 52. Kg1
Rd7 53. Qf6 Qd6 54. Qg5 Kg7 55. Qe3 Re7 56. Qc3+ Qe5 57. Qc4 Qe1+ 58. Rf1 Qg3+
59. Kh1 f5 60. Qd4+ Qe5 61. Qd1 Qe4+ 62. Kg1 Qe3+ 63. Kh1 Qh3+ 64. Kg1 Qg3+ 65.
Kh1 Re4 66. Qa1+ Kh7 67. Rf4 Re1+ 68. Qxe1 Qxe1+ 69. Kg2 Qd2+ 70. Rf2 Qxf2+ 0-1

[Event "Chigorin Memorial"]
[Site "St Petersburg"]
[Date "2015.10.07"]
[Round "5.168"]
[White "Kokhnover, Ilya"]
[Black "Pankova, Julia"]
[Result "1/2-1/2"]
[WhiteElo "1925"]
[BlackElo "1703"]
[PlyCount "89"]
[EventDate "2015.10.03"]
[EventRounds "9"]
[EventCountry "RUS"]

1. e4 c5 2. Nf3 d6 3. Bb5+ Bd7 4. Bxd7+ Qxd7 5. O-O Nf6 6. e5 dxe5 7. Nxe5 Qd5
8. Re1 Nc6 9. Nc3 Qd8 10. Nxc6 bxc6 11. Qf3 Rc8 12. d3 e6 13. Ne4 Be7 14. Be3
Nxe4 15. dxe4 O-O 16. e5 Qa5 17. Red1 Qc7 18. Qe4 Rfd8 19. f4 Rd7 20. Rd3 Rxd3
21. cxd3 Rb8 22. b3 Rb4 23. Qf3 Qd7 24. Rd1 Qd5 25. Kf2 a5 26. Bd2 Rb5 27. Bc3
f5 28. exf6 Bxf6 29. Bxf6 gxf6 30. Qg4+ Kf7 31. Qh4 Kg7 32. Qg4+ Kf7 33. Qh3
Kg7 34. Re1 Rb4 35. Qxe6 Rxf4+ 36. Kg1 Qxd3 37. Qxc6 Qd4+ 38. Kh1 Qe5 39. Qd7+
Kg6 40. Qd2 Re4 41. Qd3 f5 42. Rf1 Re1 43. Qa6+ Kg5 44. Qd3 Rxf1+ 45. Qxf1
1/2-1/2

[Event "Chigorin Memorial"]
[Site "St Petersburg"]
[Date "2015.10.07"]
[Round "5.170"]
[White "Grishaev, Igor"]
[Black "Lapin, Nikita"]
[Result "1-0"]
[WhiteElo "1922"]
[BlackElo "1641"]
[PlyCount "135"]
[EventDate "2015.10.03"]
[EventRounds "9"]
[EventCountry "RUS"]

1. d4 Nf6 2. c4 g6 3. Nc3 Bg7 4. e4 d6 5. Nf3 O-O 6. h3 e5 7. d5 Nbd7 8. Be3
Qe7 9. Be2 Nh5 10. g3 a5 11. Nd2 Nhf6 12. Qc2 b6 13. g4 Nc5 14. Nf1 Bd7 15. Ng3
c6 16. g5 Ne8 17. h4 Rc8 18. h5 Nc7 19. O-O-O cxd5 20. exd5 N7a6 21. hxg6 hxg6
22. Kb1 Nb4 23. Qd2 a4 24. a3 Nba6 25. Qe1 e4 26. Qg1 f5 27. gxf6 Qxf6 28. Bd4
Qe7 29. Qh2 Bxd4 30. Rxd4 Qg7 31. Ncxe4 Nxe4 32. Rxe4 Nc5 33. Rh4 Qf6 34. Rh7
Bf5+ 35. Ka2 Nd3 36. Bxd3 Bxd3 37. Ra7 Bxc4+ 38. Ka1 Rf7 39. Ne4 Qe5 40. Rxf7
Qxh2 41. Rxh2 Bxd5 42. Nf6+ Kxf7 43. Nxd5 b5 44. Nc3 b4 45. axb4 Rc4 46. Rh7+
Ke6 47. Rb7 Rf4 48. Nd1 d5 49. Kb1 Rd4 50. Kc2 g5 51. Rb8 Ke5 52. b5 Rc4+ 53.
Kd3 Rd4+ 54. Ke2 Re4+ 55. Kf3 Rf4+ 56. Kg3 Rb4 57. b6 Kd6 58. Rg8 Kc5 59. Nc3
Rb3 60. Rxg5 Kxb6 61. f3 Kc6 62. Nxa4 Rb4 63. Rg6+ Kb5 64. Nc3+ Kc4 65. Rg4+ d4
66. Ne2 Rxb2 67. Rxd4+ Kc5 68. Re4 1-0

[Event "Chigorin Memorial"]
[Site "St Petersburg"]
[Date "2015.10.07"]
[Round "5.171"]
[White "Komarov, Alexey"]
[Black "Abdildayeva, Laura"]
[Result "1-0"]
[WhiteElo "1921"]
[BlackElo "1600"]
[PlyCount "45"]
[EventDate "2015.10.03"]
[EventRounds "9"]
[EventCountry "RUS"]

1. c4 Nf6 2. Nf3 c5 3. Nc3 e6 4. g3 b6 5. Bg2 Bb7 6. O-O Be7 7. d4 cxd4 8. Qxd4
d6 9. Bg5 h6 10. Bxf6 Bxf6 11. Qf4 O-O 12. Rfd1 Bxc3 13. bxc3 Qc7 14. Qxd6 Qxd6
15. Rxd6 Rc8 16. Rad1 Na6 17. e3 Rxc4 18. Ng5 Bd5 19. e4 hxg5 20. exd5 Re8 21.
Bf1 exd5 22. Bxc4 dxc4 23. Rd8 1-0

[Event "Chigorin Memorial"]
[Site "St Petersburg"]
[Date "2015.10.07"]
[Round "5.173"]
[White "Ivanov, Artem"]
[Black "Borunova, Tatiana"]
[Result "1-0"]
[WhiteElo "1898"]
[BlackElo "1599"]
[PlyCount "59"]
[EventDate "2015.10.03"]
[EventRounds "9"]
[EventCountry "RUS"]

1. e4 e5 2. Nc3 d6 3. Bc4 c6 4. d3 Nf6 5. Nf3 Be7 6. h3 O-O 7. O-O h6 8. Bb3
Be6 9. Qe2 Qc7 10. Nh2 g5 11. h4 Ne8 12. Qh5 Ng7 13. Qxh6 gxh4 14. Nf3 Bxb3 15.
axb3 f5 16. Ng5 Bxg5 17. Bxg5 Na6 18. f4 Rae8 19. Qxh4 Re6 20. Rf3 Nb4 21. Qf2
a5 22. fxe5 Rxe5 23. d4 Ree8 24. exf5 d5 25. Rf1 Kf7 26. Bf4 Qd8 27. Be5 Rh8
28. Qg3 Reg8 29. Qg6+ Kf8 30. Bd6+ 1-0

[Event "Chigorin Memorial"]
[Site "St Petersburg"]
[Date "2015.10.07"]
[Round "5.175"]
[White "Pogorelskikh, Sofia"]
[Black "Nochovniy, Vladimir"]
[Result "0-1"]
[WhiteElo "1616"]
[BlackElo "2018"]
[PlyCount "66"]
[EventDate "2015.10.03"]
[EventRounds "9"]
[EventCountry "RUS"]

1. e4 e6 2. d4 d5 3. Nd2 c5 4. c3 Nc6 5. Ngf3 dxe4 6. Nxe4 cxd4 7. cxd4 Be7 8.
Bd3 Nf6 9. Nc3 O-O 10. O-O a6 11. a3 b5 12. Bc2 Bb7 13. Qd3 g6 14. Re1 Qd7 15.
Bh6 Rfd8 16. Rad1 Rac8 17. h3 b4 18. Ne2 bxa3 19. bxa3 Qd6 20. Bc1 Na5 21. Ne5
Be4 22. Qd2 Bxc2 23. Qxa5 Bxd1 24. Rxd1 Rc2 25. Rd2 Rdc8 26. Rxc2 Rxc2 27. Qe1
Nd5 28. Qd1 Qc7 29. Nd3 Qc4 30. Bb2 Bg5 31. Bc1 Bxc1 32. Nexc1 Nf4 33. Nxf4
Rxc1 0-1

[Event "Chigorin Memorial"]
[Site "St Petersburg"]
[Date "2015.10.07"]
[Round "5.176"]
[White "Shadunts, Kirill"]
[Black "Glazov, Anatoly"]
[Result "1-0"]
[WhiteElo "1715"]
[BlackElo "1827"]
[PlyCount "99"]
[EventDate "2015.10.03"]
[EventRounds "9"]
[EventCountry "RUS"]

1. d4 Nf6 2. c4 e6 3. Nc3 d5 4. cxd5 exd5 5. Bg5 Bb4 6. e3 c5 7. Bxf6 Qxf6 8.
a3 Ba5 9. Nge2 c4 10. Nf4 Be6 11. Be2 Nc6 12. Bf3 Rd8 13. O-O Bxc3 14. bxc3 O-O
15. Rb1 b6 16. Nxe6 fxe6 17. e4 Ne7 18. Rb5 Qg6 19. exd5 exd5 20. Re1 a6 21.
Rb2 Rd7 22. Re5 Qd6 23. Bg4 Rb7 24. Be6+ Kh8 25. a4 Rf6 26. Rbe2 Rb8 27. Bg4
Ng6 28. Re8+ Rf8 29. Rxb8 Qxb8 30. g3 Qd6 31. Re6 Qa3 32. Qc2 Rf6 33. Re8+ Nf8
34. f4 Qa1+ 35. Kg2 b5 36. axb5 axb5 37. Rb8 g5 38. f5 Ra6 39. Qd1 Ra2+ 40. Kh3
Qb2 41. Qg1 Kg8 42. Qh1 Kg7 43. f6+ Kg6 44. Rxf8 h5 45. Bxh5+ Kxh5 46. Qf3+ Kg6
47. Rg8+ Kh7 48. Qh5+ Kxg8 49. Qg6+ Kf8 50. Qg7+ 1-0

[Event "Chigorin Memorial"]
[Site "St Petersburg"]
[Date "2015.10.07"]
[Round "5.177"]
[White "Shapar, Tatiana"]
[Black "Bagaeva, Maria"]
[Result "1-0"]
[WhiteElo "1804"]
[BlackElo "1500"]
[PlyCount "79"]
[EventDate "2015.10.03"]
[EventRounds "9"]
[EventCountry "RUS"]

1. e4 d5 2. exd5 Qxd5 3. Nc3 Qd6 4. Nf3 Nf6 5. Bc4 Bg4 6. d3 a6 7. h3 Bh5 8. g4
Bg6 9. Nh4 Nc6 10. f4 e6 11. Be3 O-O-O 12. Qf3 h6 13. Nxg6 fxg6 14. O-O-O Be7
15. Ne4 Nxe4 16. dxe4 Qb4 17. Bxe6+ Kb8 18. Bd5 Na5 19. Bd2 Qa4 20. Qc3 b6 21.
b4 Rxd5 22. exd5 Bf6 23. Qd3 Qxa2 24. Bc3 Nc4 25. Bxf6 gxf6 26. Qc3 Kb7 27.
Rhe1 b5 28. Rd3 Ra8 29. Qxf6 Rf8 30. Qc6+ Kb8 31. Re8+ Rxe8 32. Qxe8+ Kb7 33.
Qc6+ Kb8 34. Qf6 a5 35. bxa5 b4 36. Rb3 Qxa5 37. Qf8+ Ka7 38. Qxb4 Qxd5 39.
Qa4+ Na5 40. Rb5 1-0

[Event "Chigorin Memorial"]
[Site "St Petersburg"]
[Date "2015.10.07"]
[Round "5.178"]
[White "Matchenya, Ivan"]
[Black "Prishibilovich, Matvei"]
[Result "1-0"]
[WhiteElo "1795"]
[BlackElo "1409"]
[PlyCount "95"]
[EventDate "2015.10.03"]
[EventRounds "9"]
[EventCountry "RUS"]

1. e4 e5 2. Nf3 Nc6 3. Nc3 Nf6 4. d4 exd4 5. Nxd4 Bb4 6. Nxc6 bxc6 7. Bd3 Bxc3+
8. bxc3 O-O 9. O-O d5 10. exd5 cxd5 11. Bg5 Be6 12. Qf3 h6 13. Bh4 c5 14. h3
Rb8 15. Rab1 Qe7 16. Qg3 Rxb1 17. Rxb1 c4 18. Rb7 Qxb7 19. Bxf6 Qb1+ 20. Kh2
Qb8 21. Be5 Qxe5 22. Qxe5 cxd3 23. cxd3 Rc8 24. f4 g6 25. g4 Rd8 26. f5 gxf5
27. gxf5 Bc8 28. Qf6 Re8 29. Qxh6 Bxf5 30. Qg5+ Bg6 31. Qxd5 Re2+ 32. Kg1 Re3
33. c4 Rxd3 34. Qa8+ Kh7 35. Qxa7 Rxh3 36. c5 Rc3 37. Qb6 Rc1+ 38. Kf2 Rc2+ 39.
Ke3 Rxa2 40. c6 Rc2 41. c7 Bf5 42. Kf4 Be6 43. Qb1 Bf5 44. Kxf5 Rxc7 45. Kf6+
Rc2 46. Qxc2+ Kh8 47. Qg2 Kh7 48. Qg7# 1-0

[Event "Chigorin Memorial"]
[Site "St Petersburg"]
[Date "2015.10.07"]
[Round "5.179"]
[White "Chekletsova, Darya"]
[Black "Ismagilov, Damir"]
[Result "0-1"]
[WhiteElo "1495"]
[BlackElo "1753"]
[PlyCount "138"]
[EventDate "2015.10.03"]
[EventRounds "9"]
[EventCountry "RUS"]

1. e4 e5 2. Nf3 Nf6 3. Nxe5 d6 4. Nf3 Nxe4 5. Bc4 Be7 6. d3 Nf6 7. h3 d5 8. Bb3
Nc6 9. Nc3 h6 10. a3 Be6 11. Ba4 Bd7 12. Bf4 a6 13. Bb3 Be6 14. Ba2 Bd6 15.
Bxd6 Qxd6 16. Qe2 O-O-O 17. O-O-O Rhe8 18. Qd2 Kb8 19. Ne2 d4 20. Bxe6 Qxe6 21.
Rhe1 Qa2 22. c3 Ne4 23. Qf4 Nxf2 24. Rd2 dxc3 25. Nxc3 Qa1+ 26. Nb1 Rxe1+ 27.
Nxe1 Nd4 28. Rxf2 Nb3+ 29. Kc2 Nd4+ 30. Kc1 Re8 31. Qxd4 Rxe1+ 32. Kd2 Qxb1 33.
Qd8+ Ka7 34. Qd4+ b6 35. Qc4 Re7 36. Kc3 Qe1+ 37. Rd2 Qe5+ 38. d4 Qe3+ 39. Kc2
Qe4+ 40. Kc3 Qf5 41. Rd3 Qf4 42. Rd2 Re3+ 43. Rd3 Rxd3+ 44. Qxd3 Qc1+ 45. Kb3
Qc6 46. Ka2 Qd5+ 47. Kb1 Qxg2 48. Qc4 Qg6+ 49. Ka1 Kb8 50. Qd5 Qe6 51. Qd8+ Kb7
52. d5 Qd6 53. Qg8 Qxd5 54. Qxg7 Qh1+ 55. Ka2 Qxh3 56. Qxf7 Qh1 57. a4 h5 58.
a5 b5 59. Qf2 h4 60. b3 h3 61. Qf4 Qg2+ 62. Ka3 h2 63. Qd4 h1=Q 64. Qc3 Qc6 65.
Qd4 Qhc1+ 66. Kb4 Qe1+ 67. Ka3 Qcc1+ 68. Ka2 Qe2+ 69. Qb2 Qcxb2# 0-1

[Event "Chigorin Memorial"]
[Site "St Petersburg"]
[Date "2015.10.07"]
[Round "5.181"]
[White "Fokin, Anatoly"]
[Black "Mednik, Boris"]
[Result "1-0"]
[WhiteElo "1817"]
[BlackElo "1648"]
[PlyCount "101"]
[EventDate "2015.10.03"]
[EventRounds "9"]
[EventCountry "RUS"]

1. d4 d5 2. Nc3 Nf6 3. f3 c5 4. e3 cxd4 5. exd4 Bf5 6. g4 Bg6 7. g5 Nfd7 8.
Nxd5 e6 9. Nc3 Be7 10. f4 Bb4 11. Bg2 Bxc3+ 12. bxc3 Qc7 13. Bd2 O-O 14. Nf3
Be4 15. O-O Bd5 16. Re1 Nc6 17. Qe2 Ne7 18. Nh4 Bxg2 19. Qxg2 Nd5 20. Qf3 N7b6
21. Rf1 Rac8 22. a4 Nxc3 23. a5 Nbd5 24. f5 Qc4 25. Bxc3 Nxc3 26. Qe3 Ne2+ 27.
Kg2 Nxd4 28. Rac1 Nxc2 29. Qf2 Qe4+ 30. Kg1 Qe3 31. Rxc2 Qxg5+ 32. Ng2 Qxf5 33.
Rxc8 Qxf2+ 34. Rxf2 Rxc8 35. Rb2 Rb8 36. a6 b6 37. Ne3 g6 38. Nc4 Rc8 39. Nd6
Rc1+ 40. Kg2 Ra1 41. Rf2 f5 42. Re2 Rxa6 43. Rxe6 Ra2+ 44. Kg3 a6 45. h4 b5 46.
Kf4 Ra4+ 47. Kg5 h5 48. Kf6 Kh7 49. Re7+ Kh6 50. Re8 Kh7 51. Nf7 1-0

[Event "Chigorin Memorial"]
[Site "St Petersburg"]
[Date "2015.10.07"]
[Round "5.182"]
[White "Shugalei, Mikhail"]
[Black "Montolio Benedicto, Cesar"]
[Result "1/2-1/2"]
[WhiteElo "1663"]
[BlackElo "1816"]
[PlyCount "93"]
[EventDate "2015.10.03"]
[EventRounds "9"]
[EventCountry "RUS"]

1. Nf3 Nf6 2. c4 g6 3. e3 Bg7 4. Nc3 O-O 5. d4 d6 6. Be2 Nbd7 7. O-O e5 8. Qc2
Re8 9. Nd2 Nf8 10. d5 a5 11. a4 N8d7 12. e4 Nc5 13. Nb3 Nxb3 14. Qxb3 Nd7 15.
Be3 b6 16. Qa3 Nc5 17. b4 axb4 18. Qxb4 f5 19. f3 Bd7 20. a5 bxa5 21. Rxa5 Rxa5
22. Qxa5 Nb3 23. Qb4 Nd4 24. Bd3 Qa8 25. Rb1 fxe4 26. Bxe4 Qa6 27. Nb5 Rb8 28.
Qa3 Qxa3 29. Nxa3 Ra8 30. Nb5 Nxb5 31. cxb5 Rb8 32. b6 cxb6 33. Rxb6 Rxb6 34.
Bxb6 Kf7 35. g4 Bh6 36. Kf2 Bb5 37. h4 Bd2 38. Be3 Bxe3+ 39. Kxe3 h6 40. Kd2 g5
41. h5 Ke7 42. Ke3 Bc4 43. Kd2 Kd8 44. Kc3 Be2 45. Kd2 Bc4 46. Kc3 Be2 47. Kd2
1/2-1/2

[Event "Chigorin Memorial"]
[Site "St Petersburg"]
[Date "2015.10.07"]
[Round "5.183"]
[White "Stroganov, Anatoly"]
[Black "Zvereva, Svetlana"]
[Result "1-0"]
[WhiteElo "1795"]
[BlackElo "1545"]
[PlyCount "40"]
[EventDate "2015.10.03"]
[EventRounds "9"]
[EventCountry "RUS"]

1. d4 d5 2. Nf3 Nf6 3. e3 e6 4. Nbd2 c5 5. b3 cxd4 6. exd4 Qa5 7. a3 Nc6 8. Bb2
Be7 9. Bd3 Qc7 10. Ne5 Bd6 11. f4 Qb6 12. Nxc6 bxc6 13. O-O Ba6 14. c4 dxc4 15.
Bxc4 Nd5 16. Rf3 Nxf4 17. Qf1 Bb7 18. Rxf4 Bxf4 19. Qxf4 O-O 20. h3 Ba6 {...}
1-0

[Event "Chigorin Memorial"]
[Site "St Petersburg"]
[Date "2015.10.07"]
[Round "5.184"]
[White "Smorodkin, Kirill"]
[Black "Klimentiev, Sergey"]
[Result "1-0"]
[WhiteElo "1516"]
[BlackElo "1727"]
[PlyCount "51"]
[EventDate "2015.10.03"]
[EventRounds "9"]
[EventCountry "RUS"]

1. e4 c5 2. Nf3 d6 3. d4 cxd4 4. Nxd4 Nf6 5. Nc3 a6 6. Be2 e6 7. O-O Be7 8. f4
Qc7 9. Be3 O-O 10. Kh1 b5 11. Bf3 Bb7 12. e5 dxe5 13. fxe5 Nfd7 14. a3 Nc6 15.
Nxc6 Bxc6 16. Bxc6 Qxc6 17. Bf4 Rad8 18. Qg4 Kh8 19. Rf3 Qc4 20. Qh5 g6 21. Qh6
Rg8 22. b3 Qc6 23. Qxh7+ Kxh7 24. Rh3+ Kg7 25. Bh6+ Kh7 26. Bf8+ 1-0

[Event "Chigorin Memorial"]
[Site "St Petersburg"]
[Date "2015.10.07"]
[Round "5.185"]
[White "Lyubokhiner, Leonid M"]
[Black "Biyachuev, Minkail"]
[Result "1-0"]
[WhiteElo "1723"]
[BlackElo "1437"]
[PlyCount "117"]
[EventDate "2015.10.03"]
[EventRounds "9"]
[EventCountry "RUS"]

1. d4 d5 2. Bf4 Nf6 3. Nf3 Nc6 4. e3 Bg4 5. h3 Bh5 6. Be2 e6 7. c3 Bd6 8. Ne5
Bxe2 9. Qxe2 Nd7 10. Nxc6 bxc6 11. Nd2 Qh4 12. Nf3 Qf6 13. Bxd6 cxd6 14. Qa6
Nb6 15. a4 Qg6 16. O-O O-O 17. a5 Nc8 18. Qb7 Ne7 19. Qxe7 Rfd8 20. h4 Qc2 21.
Ng5 Rf8 22. Qxd6 h6 23. Nf3 Qxb2 24. Qb4 Rab8 25. Qxb2 Rxb2 26. Ne5 Rc8 27.
Rfb1 Rcb8 28. Rxb2 Rxb2 29. Nxc6 Rb7 30. Nb4 Kf8 31. Kf1 Ke7 32. Ke2 Kd6 33.
Kd3 f5 34. h5 g5 35. hxg6 Rg7 36. Rh1 Rxg6 37. g3 e5 38. dxe5+ Kxe5 39. Rh5 Rf6
40. g4 Ke6 41. gxf5+ Kf7 42. Nxd5 Ra6 43. e4 Rxa5 44. Rxh6 Kg7 45. Rg6+ Kf7 46.
Kd4 Ra2 47. Nb4 Rxf2 48. Ra6 Rd2+ 49. Nd3 Rd1 50. Rxa7+ Kf6 51. Ra6+ Ke7 52. c4
Rd2 53. c5 Rc2 54. e5 Kf7 55. Ra7+ Ke8 56. f6 Rh2 57. e6 Rh4+ 58. Kd5 Kd8 59.
Kc6 1-0

[Event "Chigorin Memorial"]
[Site "St Petersburg"]
[Date "2015.10.08"]
[Round "6.1"]
[White "Sandipan, Chanda"]
[Black "Alekseenko, Kirill"]
[Result "0-1"]
[WhiteElo "2567"]
[BlackElo "2539"]
[PlyCount "78"]
[EventDate "2015.10.03"]
[EventRounds "9"]
[EventCountry "RUS"]
[WhiteClock "0:03:17"]
[BlackClock "0:07:17"]

1. Nf3 Nf6 2. g3 e6 3. Bg2 b5 4. O-O Bb7 5. d3 Be7 6. e4 d5 7. Nbd2 O-O 8. Qe2
c5 9. e5 Nfd7 10. c4 a6 11. cxd5 Bxd5 12. Ne4 Nc6 13. Bf4 Rc8 14. Rfe1 Qb6 15.
Nc3 Bxf3 16. Qxf3 Nd4 17. Qd1 Rfd8 18. Ne4 Nf8 19. Rc1 Nf5 20. g4 Nh4 21. Bh1
Nhg6 22. Bg3 Nd7 23. f4 c4+ 24. Kf1 Nc5 25. Nxc5 Bxc5 26. f5 Rxd3 27. Qc2 Ne7
28. Be4 Qd8 29. Rcd1 Rxd1 30. Rxd1 Nd5 31. Bxd5 exd5 32. Bf2 Qg5 33. Rxd5 Bxf2
34. Qxf2 Qxg4 35. f6 c3 36. b3 h6 37. h3 Qxh3+ 38. Ke2 Qg4+ 39. Kd3 c2 0-1

[Event "Chigorin Memorial"]
[Site "St Petersburg"]
[Date "2015.10.08"]
[Round "6.3"]
[White "Eliseev, Urii"]
[Black "Rozum, Ivan"]
[Result "1/2-1/2"]
[WhiteElo "2536"]
[BlackElo "2547"]
[PlyCount "81"]
[EventDate "2015.10.03"]
[EventRounds "9"]
[EventCountry "RUS"]
[WhiteClock "0:32:58"]
[BlackClock "0:10:55"]

1. e4 c6 2. d4 d5 3. e5 Bf5 4. Nf3 e6 5. Be2 Nd7 6. O-O Ne7 7. Nbd2 Nc8 8. Ne1
c5 9. c3 cxd4 10. cxd4 Qb6 11. Nb3 a5 12. Nd3 a4 13. Nbc5 Nxc5 14. Nxc5 Bxc5
15. dxc5 Qxc5 16. Be3 Qa5 17. g4 Bg6 18. b4 Qxb4 19. f4 Ne7 20. Rc1 b6 21. Qd4
Qxd4 22. Bb5+ Kf8 23. Bxd4 h5 24. Bc3 f6 25. Bb4 Be8 26. Rc7 Bxb5 27. Rxe7 Kg8
28. exf6 gxf6 29. Re1 Re8 30. Rxe8+ Bxe8 31. Rxe6 Bf7 32. Rxb6 hxg4 33. Rb8+
Kg7 34. Rxh8 Kxh8 35. Bc3 Kg7 36. a3 Bg6 37. Kf2 Kf7 38. Ke3 Ke6 39. Bb4 Bc2
40. Bc3 Bb3 41. Bb4 1/2-1/2

[Event "Chigorin Memorial"]
[Site "St Petersburg"]
[Date "2015.10.08"]
[Round "6.5"]
[White "Abdusattorov, Nodirbek"]
[Black "Turov, Maxim"]
[Result "1/2-1/2"]
[WhiteElo "2432"]
[BlackElo "2609"]
[PlyCount "83"]
[EventDate "2015.10.03"]
[EventRounds "9"]
[EventCountry "RUS"]
[WhiteClock "1:05:22"]
[BlackClock "0:44:40"]

1. e4 c5 2. Nf3 e6 3. d4 cxd4 4. Nxd4 Nf6 5. Nc3 Bb4 6. e5 Nd5 7. Qg4 O-O 8.
Bd2 d6 9. exd6 Bxc3 10. bxc3 e5 11. Qf3 Qxd6 12. Nb5 Qc5 13. c4 Nb4 14. Qc3
N8c6 15. a3 Na6 16. Be3 Qe7 17. O-O-O Nc5 18. Be2 Ne4 19. Qd3 Bf5 20. Nd6 Nxd6
21. Qxd6 Qe8 22. Bc5 Nd4 23. Rxd4 exd4 24. Qxf8+ Qxf8 25. Bxf8 Kxf8 26. Rd1 Rd8
27. Bf3 d3 28. Kb2 b6 29. cxd3 Rxd3 30. Rxd3 Bxd3 31. Kc3 Bf5 32. c5 Ke7 33.
cxb6 axb6 34. Kd4 Kd6 35. g3 Be6 36. h4 h6 37. Be4 g5 38. hxg5 hxg5 39. Bd3 f6
40. Be4 Bf7 41. Bd3 Be6 42. Be4 1/2-1/2

[Event "Chigorin Memorial"]
[Site "St Petersburg"]
[Date "2015.10.08"]
[Round "6.6"]
[White "Aleksandrov, Aleksej"]
[Black "Andersen, Mads"]
[Result "1-0"]
[WhiteElo "2606"]
[BlackElo "2457"]
[PlyCount "93"]
[EventDate "2015.10.03"]
[EventRounds "9"]
[EventCountry "RUS"]
[WhiteClock "0:13:15"]
[BlackClock "0:05:03"]

1. d4 Nf6 2. c4 g6 3. f3 Bg7 4. e4 d6 5. Ne2 O-O 6. Nbc3 c5 7. d5 e6 8. Ng3
exd5 9. cxd5 a6 10. a4 h5 11. Bd3 h4 12. Nge2 Nbd7 13. O-O Nh5 14. Bc2 Rb8 15.
a5 Ne5 16. g4 hxg3 17. hxg3 Nc4 18. Kg2 Nxa5 19. Rh1 Nc4 20. g4 Nf6 21. Qe1 b5
22. Qh4 Re8 23. Ng3 b4 24. Nd1 Qe7 25. Nf2 Qe5 26. g5 Nh5 27. Nxh5 gxh5 28. Rb1
b3 29. Bd3 Nb6 30. Bf4 Qe7 31. Qxh5 c4 32. Be2 Bd7 33. Qh7+ Kf8 34. Rh6 Rbd8
35. Rbh1 Bc8 36. Bf1 Bxb2 37. Bd2 Bg7 38. f4 Qb7 39. f5 Bxf5 40. Qxf5 Re5 41.
Qf3 b2 42. Rh7 b1=Q 43. Rxg7 Nxd5 44. Rhh7 Ke8 45. g6 Kd7 46. Rxf7+ Ne7 47.
Rxe7+ 1-0

[Event "Chigorin Memorial"]
[Site "St Petersburg"]
[Date "2015.10.08"]
[Round "6.7"]
[White "Usmanov, Vasily"]
[Black "Goganov, Aleksey"]
[Result "0-1"]
[WhiteElo "2450"]
[BlackElo "2603"]
[PlyCount "116"]
[EventDate "2015.10.03"]
[EventRounds "9"]
[EventCountry "RUS"]
[WhiteClock "0:29:27"]
[BlackClock "0:28:12"]

1. d4 d5 2. c4 c6 3. Nf3 Nf6 4. Nc3 e6 5. e3 Nbd7 6. Qc2 Bd6 7. b3 O-O 8. Bb2
b6 9. Bd3 Bb7 10. O-O Qe7 11. Rad1 Rac8 12. Qe2 Rfe8 13. e4 dxc4 14. Bxc4 b5
15. e5 bxc4 16. exd6 Qxd6 17. bxc4 Ba6 18. Rfe1 Nb6 19. Ne4 Nxe4 20. Qxe4 Bxc4
21. Ng5 f5 22. Qh4 h6 23. Nf3 Bxa2 24. Ra1 Bd5 25. Ne5 Qe7 26. Qg3 Nc4 27. Nxc4
Bxc4 28. Ba3 Qg5 29. Qxg5 hxg5 30. Bc1 g4 31. Rxa7 Ra8 32. Rxa8 Rxa8 33. Bf4
Bd5 34. Rb1 Ra4 35. Be5 Kh7 36. h3 gxh3 37. gxh3 g5 38. Rb7+ Kh6 39. f4 c5 40.
fxg5+ Kxg5 41. Rg7+ Kh6 42. dxc5 Re4 43. Bf6 Rc4 44. Kf2 f4 45. Rg4 Rc2+ 46.
Kg1 f3 47. Bd4 Re2 48. h4 Kh5 49. Rf4 Rg2+ 50. Kf1 Bc4+ 51. Ke1 Re2+ 52. Kd1
Bb3+ 53. Kc1 Bd5 54. Kd1 e5 55. Rf5+ Kg4 56. Rxe5 Bb3+ 57. Kc1 Rxe5 58. Bxe5 f2
0-1

[Event "Chigorin Memorial"]
[Site "St Petersburg"]
[Date "2015.10.08"]
[Round "6.8"]
[White "Kalegin, Evgenij"]
[Black "Demchenko, Anton"]
[Result "0-1"]
[WhiteElo "2444"]
[BlackElo "2595"]
[PlyCount "96"]
[EventDate "2015.10.03"]
[EventRounds "9"]
[EventCountry "RUS"]
[WhiteClock "0:09:17"]
[BlackClock "0:40:37"]

1. e4 e5 2. Nf3 Nc6 3. Bb5 a6 4. Ba4 d6 5. Bxc6+ bxc6 6. d4 f6 7. Nc3 g6 8. Qd3
Ne7 9. dxe5 fxe5 10. h4 h6 11. Be3 Bg7 12. O-O-O Bg4 13. Rdg1 Qb8 14. Nd2 Qb7
15. b3 a5 16. Na4 Qb5 17. c4 Qb4 18. Nb1 Qb7 19. Nbc3 O-O 20. f3 Be6 21. Rd1
Rf7 22. Rd2 c5 23. Nb5 Nc6 24. Nxd6 cxd6 25. Qxd6 Re8 26. Nxc5 Qc8 27. Nxe6
Rxe6 28. Qa3 Qc7 29. Rhd1 Nd4 30. Kb1 Kh7 31. Qa4 Rb6 32. Rd3 Rb4 33. Qa3 Qxc4
34. Bxd4 exd4 35. Qxa5 Rb5 36. Qd2 Qe6 37. Rc1 Be5 38. Rd1 Rc5 39. g3 Bxg3 40.
Rxd4 Rcc7 41. Qg2 Be5 42. Rd5 Qf6 43. Rg1 Rc6 44. h5 g5 45. Rgd1 Re6 46. R1d3
Ree7 47. a4 Rc7 48. Qg4 Qc6 0-1

[Event "Chigorin Memorial"]
[Site "St Petersburg"]
[Date "2015.10.08"]
[Round "6.9"]
[White "Sakaev, Konstantin"]
[Black "Malakhov, Igor"]
[Result "1-0"]
[WhiteElo "2594"]
[BlackElo "2438"]
[PlyCount "65"]
[EventDate "2015.10.03"]
[EventRounds "9"]
[EventCountry "RUS"]
[WhiteClock "0:09:23"]
[BlackClock "0:04:37"]

1. d4 Nf6 2. Nf3 c5 3. d5 g6 4. Nc3 Bg7 5. e4 d6 6. Bb5+ Bd7 7. a4 O-O 8. O-O
Na6 9. Re1 Nc7 10. Bf1 a6 11. a5 Nb5 12. Bd2 Nxc3 13. Bxc3 Bb5 14. Bxf6 Bxf6
15. c3 Bg7 16. Qb3 Qe8 17. Ra3 Rc8 18. Nd2 f5 19. Bxb5 axb5 20. a6 bxa6 21.
Rxa6 Qd7 22. Nf3 fxe4 23. Rxe4 Ra8 24. Rxa8 Rxa8 25. g4 h5 26. h3 hxg4 27. hxg4
Ra4 28. Qc2 Qb7 29. Qd3 Qa8 30. Ng5 Ra1+ 31. Kg2 c4 32. Qh3 Kf8 33. Qh7 1-0